| 000 | 00690 a2200181 4500 | ||
|---|---|---|---|
| 999 |
_c5940 _d5940 |
||
| 020 | _a9789251070628 | ||
| 050 | _aSF 523 HIL 2011 | ||
| 100 |
_aHilmi, Martin _eAuthor |
||
| 245 |
_aBeekeeping and sustainable livelihoods / _cMqrtin, Hilmi, Nicola Bradbear and Danilo Mejia |
||
| 264 |
_aRome: _bRural Infrastructure and Agro-Industries Division, Food and Agriculture Organization of the United Nations, _c2011 |
||
| 300 |
_aix, 72p. : _bill. |
||
| 440 | _aFAQ Diversification booklet 1 | ||
| 500 | _aIncludes a list of selected further reading | ||
| 650 | _aBeekeeping | ||
| 700 |
_aBradbear, Nicola _eAuthor |
||
| 700 |
_aDanilo, Mejia _eAuthor |
||
| 942 |
_2lcc _cBK _e2nd ed. _h523 _iHIL _kSF |
||